| 000 | 01016cac a22002651u 4500 | ||
|---|---|---|---|
| 090 | _c5517 | ||
| 008 | 081030t1984 xxu||||| |||| 00| 0 eng d | ||
| 010 | _a 84027863 | ||
| 020 | _a0070454159 (pbk.) : | ||
| 035 | _a(DLC) 84027863 | ||
| 082 | 0 | 0 |
_a001.640321 _bPAR |
| 100 | _aParker, Sybil P.[ed.] | ||
| 245 | 0 | 0 |
_aMcGraw-Hill dictionary of computers / _cSybil P. Parker, editor in chief. |
| 250 | _a1st ed. | ||
| 260 |
_aNew York : _bMcGraw-Hill,c. _cc.1984. |
||
| 300 |
_a452 p. ; _c22 cm. |
||
| 500 | _aMaterial previously published in the 1984 3rd ed. of the McGraw-Hill dictionary of scientific and technical terms. | ||
| 500 | _aDistributer : Al-Ahram. | ||
| 511 | _aCatalogued By : Mahitab. | ||
| 650 | 0 |
_aComputers _xDictionaries. |
|
| 700 | _aParker, Sybil P. | ||
| 710 | 2 | _aMcGraw-Hill Book Company. | |
| 942 |
_cNB _k001.640321 _2ddc |
||
| 999 |
_c5517 _d5517 |
||